<?xml version="1.0" encoding="UTF-8"?>
<collection xmlns="http://www.loc.gov/MARC21/slim">
<record>
  <controlfield tag="001">148596</controlfield>
  <controlfield tag="005">20250120165542.0</controlfield>
  <datafield tag="024" ind1="7" ind2=" ">
    <subfield code="2">doi</subfield>
    <subfield code="a">10.6018/reifop.639541</subfield>
  </datafield>
  <datafield tag="024" ind1="8" ind2=" ">
    <subfield code="2">sideral</subfield>
    <subfield code="a">141961</subfield>
  </datafield>
  <datafield tag="037" ind1=" " ind2=" ">
    <subfield code="a">ART-2025-141961</subfield>
  </datafield>
  <datafield tag="041" ind1=" " ind2=" ">
    <subfield code="a">spa</subfield>
  </datafield>
  <datafield tag="100" ind1=" " ind2=" ">
    <subfield code="a">Boira Sarto, Santiago</subfield>
    <subfield code="u">Universidad de Zaragoza</subfield>
    <subfield code="0">(orcid)0000-0001-5073-4465</subfield>
  </datafield>
  <datafield tag="245" ind1=" " ind2=" ">
    <subfield code="a">Educar en contextos de crisis. Aproximación a las percepciones y acciones del profesorado desde una perspectiva de género</subfield>
  </datafield>
  <datafield tag="260" ind1=" " ind2=" ">
    <subfield code="c">2025</subfield>
  </datafield>
  <datafield tag="520" ind1="3" ind2=" ">
    <subfield code="a">Este trabajo es parte de una investigación más amplia (INCLUEDUX) interesada por el impacto que la emergencia sanitaria y social de 2020 ha tenido en las estrategias y prácticas educativas. El proyecto se focaliza en el trabajo desarrollado por los centros educativos que trabajan con alumnado de colectivos considerados especialmente vulnerables en tres comunidades autónomas -Cataluña, Aragón y Andalucía. En este artículo se abordan, desde una perspectiva de género, las percepciones y actuaciones del profesorado de estos centros. Se analizan los datos obtenidos del cuestionario realizado a una muestra de 318 docentes y profesionales de la educación -infantil, primaria y secundaria obligatoria- en la primera fase de la investigación. Se llevó a cabo un análisis descriptivo bivariado en función del género. Los resultados mostraron diferencias estadísticamente significativas (p &lt; 0,05). Atendiendo a las percepciones e interpretaciones que expresan las y los docentes sobre cuestiones curriculares y a las actuaciones que realizaron, se identifican tendencias diferentes entre el profesorado: en el colectivo femenino se muestran, entre otras, posiciones en los campos, intereses y roles que les son atribuidos tradicionalmente - cuidado, personalización en las relaciones, interés hacia emociones y sentimientos, interrelaciones cooperativas. Diversas percepciones y acciones expresadas pueden relacionarse con postulados de las pedagogías feministas y de la educación inclusiva. Los resultados apuntan a la necesidad de incidir en la formación inicial y continua del profesorado, incorporando en mayor medida la perspectiva de género.</subfield>
  </datafield>
  <datafield tag="506" ind1="0" ind2=" ">
    <subfield code="a">Access copy available to the general public</subfield>
    <subfield code="f">Unrestricted</subfield>
  </datafield>
  <datafield tag="536" ind1=" " ind2=" ">
    <subfield code="9">info:eu-repo/grantAgreement/ES/AEI/PID2020-118198RB-I00</subfield>
  </datafield>
  <datafield tag="540" ind1=" " ind2=" ">
    <subfield code="9">info:eu-repo/semantics/openAccess</subfield>
    <subfield code="a">by-nc-nd</subfield>
    <subfield code="u">http://creativecommons.org/licenses/by-nc-nd/3.0/es/</subfield>
  </datafield>
  <datafield tag="655" ind1=" " ind2="4">
    <subfield code="a">info:eu-repo/semantics/article</subfield>
    <subfield code="v">info:eu-repo/semantics/publishedVersion</subfield>
  </datafield>
  <datafield tag="700" ind1=" " ind2=" ">
    <subfield code="a">Guitart Aced, Rosa</subfield>
  </datafield>
  <datafield tag="700" ind1=" " ind2=" ">
    <subfield code="a">Marco-Macarro, María</subfield>
  </datafield>
  <datafield tag="700" ind1=" " ind2=" ">
    <subfield code="a">Essomba Gelabert, Miquel Àngel</subfield>
  </datafield>
  <datafield tag="710" ind1="2" ind2=" ">
    <subfield code="1">4009</subfield>
    <subfield code="2">813</subfield>
    <subfield code="a">Universidad de Zaragoza</subfield>
    <subfield code="b">Dpto. Psicología y Sociología</subfield>
    <subfield code="c">Área Trabajo Social y Serv.Soc</subfield>
  </datafield>
  <datafield tag="773" ind1=" " ind2=" ">
    <subfield code="g">28, 1 (2025), 15-32</subfield>
    <subfield code="p">Rev. electrón. interuniv. form. profr.</subfield>
    <subfield code="t">Revista Electronica Interuniversitaria de Formacion del Profesorado</subfield>
    <subfield code="x">1575-0965</subfield>
  </datafield>
  <datafield tag="856" ind1="4" ind2=" ">
    <subfield code="s">275690</subfield>
    <subfield code="u">http://zaguan.unizar.es/record/148596/files/texto_completo.pdf</subfield>
    <subfield code="y">Versión publicada</subfield>
  </datafield>
  <datafield tag="856" ind1="4" ind2=" ">
    <subfield code="s">2098587</subfield>
    <subfield code="u">http://zaguan.unizar.es/record/148596/files/texto_completo.jpg?subformat=icon</subfield>
    <subfield code="x">icon</subfield>
    <subfield code="y">Versión publicada</subfield>
  </datafield>
  <datafield tag="909" ind1="C" ind2="O">
    <subfield code="o">oai:zaguan.unizar.es:148596</subfield>
    <subfield code="p">articulos</subfield>
    <subfield code="p">driver</subfield>
  </datafield>
  <datafield tag="951" ind1=" " ind2=" ">
    <subfield code="a">2025-01-20-14:53:50</subfield>
  </datafield>
  <datafield tag="980" ind1=" " ind2=" ">
    <subfield code="a">ARTICLE</subfield>
  </datafield>
</record>
</collection>